Statistics for Top 10 most sexually active countries

Click here to take the quiz!

General Stats

  • This quiz has been taken 3,667 times
  • The average score is 5 of 10

Answer Stats

Frequency of sex per yearCountry% Correct
137France
87%
119United Kingdom
85%
133Greece
55%
120Croatia
36%
131Hungary
36%
131Serbia and Montenegro
36%
128Bulgaria
33%
119Iceland
33%
125Czech Republic
26%
129Macedonia
25%

Score Distribution

Percentile by Number Answered

Percent of People with Each Score

Your Score History

You have not taken this quiz